000 00761cam a22002413a 4500
001 12030
003 PGUSA
005 20140828083243.0
008 040401s2004||||xxu|||||s|||||000 e eng d
040 _aPGUSA
_beng
042 _adc
050 4 _aPR
100 1 _aSteele, Richard,
_cSir,
_d1672-1729
245 1 4 _aThe Spectator, Volumes 1, 2 and 3 :
_bWith Translations and Index for the Series
_h[electronic resource] /
_cRichard, Steele
260 _bProject Gutenberg,
_c2004
506 _aPublic domain in the USA.
516 _aElectronic text
653 _aEnglish essays -- 18th century -- Periodicals
700 1 _aMorley, Henry,
_d1822-1894
830 0 _aProject Gutenberg
_v12030
856 4 0 _uhttp://www.gutenberg.org/ebooks/12030
942 _cEB
999 _c241285
_d241285